| 000 | 00361nam a2200121Ia 4500 | ||
|---|---|---|---|
| 005 | 20251222143209.0 | ||
| 008 | 251222s9999||||xx |||||||||||||| ||spa|| | ||
| 082 | _a352.48/U24 | ||
| 100 | _aUgarte Vásquez Solis, Mayra | ||
| 245 | 0 | _aGuía de Orientación para Presupuestar en los Gobiernos Locales | |
| 264 | _bMinisterio de Economía y FInanzas | ||
| 942 | _cLIB | ||
| 999 |
_c13371 _d13371 |
||